| 000 | 00642nam a2200169Ia 4500 | ||
|---|---|---|---|
| 003 | GCL | ||
| 008 | 140319s9999 xx 000 0 ara d | ||
| 040 |
_aGCL / _cGCL |
||
| 082 | 0 | 4 |
_a812.008 _bا ص |
| 100 | 1 | _aالفريد فرج | |
| 245 | 1 | 0 |
_aصوت مصر : أربع مسرحيات من فصل واحد \ الفخ . صوت مصر . بالأجماع . واحد . يقيق الكسلان (هديه من الآديب عبدالفتاح الجمل) / _cالفريد فرج |
| 300 | _a78 | ||
| 490 |
_a100 قصة _v0 |
||
| 650 | 0 | 4 | _aالادب العربى |
| 650 | 0 | 4 | _aالمسرحيات العربية - مجموعات |
| 942 |
_2ddc _cBK |
||
| 999 |
_c43666 _d43666 |
||